<?xml version="1.0" encoding="UTF-8"?>
<record
    xmlns:xsi="http://www.w3.org/2001/XMLSchema-instance"
    xsi:schemaLocation="http://www.loc.gov/MARC21/slim http://www.loc.gov/standards/marcxml/schema/MARC21slim.xsd"
    xmlns="http://www.loc.gov/MARC21/slim">

  <leader>01908nam a22001697a 4500</leader>
  <controlfield tag="008">140827b        xxu||||| |||| 00| 0 eng d</controlfield>
  <datafield tag="020" ind1=" " ind2=" ">
    <subfield code="a">0198290756</subfield>
  </datafield>
  <datafield tag="050" ind1=" " ind2=" ">
    <subfield code="a">HV713.C3826</subfield>
  </datafield>
  <datafield tag="245" ind1=" " ind2=" ">
    <subfield code="a">Child poverty and deprivation in the industrialized countries 1945-1995. /</subfield>
    <subfield code="c">edited by Giovanni Andrea Cornia and Sheldon Danziger.</subfield>
  </datafield>
  <datafield tag="260" ind1=" " ind2=" ">
    <subfield code="a">New York:</subfield>
    <subfield code="b">Clarendon Press,</subfield>
    <subfield code="c">1997.</subfield>
  </datafield>
  <datafield tag="300" ind1=" " ind2=" ">
    <subfield code="a">xiv, 430p.:</subfield>
    <subfield code="c">23cm.</subfield>
  </datafield>
  <datafield tag="500" ind1=" " ind2=" ">
    <subfield code="a">Includes bibliographical references and  index.</subfield>
  </datafield>
  <datafield tag="505" ind1=" " ind2=" ">
    <subfield code="a">Contents: Common themes, methodological approach, and main findings -- Child poverty and deprivation: From the golden age, to stagnation, to transition -- Child poverty and deprivation in the industrialized countries from the End of World War II to the end of the Cold War Era -- Growth, public expenditure, and household welfare in industrialized countries -- Investing in children: government expenditure for children and their families in Western Industrialized Countries -- Family policies in Eastern Europe: from socialism to the market -- National case-studies: Child poverty and deprivation in Russia: Improvement, standstill, and retrogression -- The America paradox: High income and high child poverty -- Child welfare in the United Kingdom: Rising poverty, falling priorities for children -- Child welfare in Portugal amidst fast growth and weak social policy -- Growth, regional imbalance, and child well-being: Italy over over the last four decades -- Advancing for children in the advanced welfare state: Current problems and prospects in Sweden -- Child well-being in Japan: The high cost of economic success -- Emerging problems in the post-cold war era: Recession, social policy, and child welfare in Post-Communist Eastern Europe: Which way ahead? -- Making social policy work for children: Towards a more effective antipoverty policy.</subfield>
  </datafield>
  <datafield tag="650" ind1=" " ind2=" ">
    <subfield code="a">Law.</subfield>
  </datafield>
  <datafield tag="700" ind1=" " ind2=" ">
    <subfield code="a">Danziger, Sheldon.</subfield>
  </datafield>
  <datafield tag="942" ind1=" " ind2=" ">
    <subfield code="2">lcc</subfield>
    <subfield code="c">BK</subfield>
  </datafield>
  <datafield tag="999" ind1=" " ind2=" ">
    <subfield code="c">3811</subfield>
    <subfield code="d">11311</subfield>
  </datafield>
  <datafield tag="952" ind1=" " ind2=" ">
    <subfield code="0">0</subfield>
    <subfield code="1">0</subfield>
    <subfield code="2">lcc</subfield>
    <subfield code="4">0</subfield>
    <subfield code="7">0</subfield>
    <subfield code="a">WIUC-1</subfield>
    <subfield code="b">WIUC-1</subfield>
    <subfield code="c">LL</subfield>
    <subfield code="d">2014-08-27</subfield>
    <subfield code="l">0</subfield>
    <subfield code="o">HV713.C3826</subfield>
    <subfield code="p">281/13</subfield>
    <subfield code="r">2014-08-27 00:00:00</subfield>
    <subfield code="t">1</subfield>
    <subfield code="w">2014-08-27</subfield>
    <subfield code="y">BK</subfield>
  </datafield>
</record>
